30 Northern Irish Musical Acts by Songs - Statistics

General Stats
  • This quiz has been taken 50 times
  • The average score is 3 of 30
Answer Stats
Songs Artist/Band % Correct
Brown Eyed Girl, Moondance, Into The Mystic Van Morrison
92%
Teenage Kicks, My Perfect Cousin, Here Comes The Summer The Undertones
49%
Girl From Mars, Shining Light, Oh Yeah Ash
28%
A Good Heart, You Little Thief, I've Got News For You Feargal Sharkey
26%
What You Know, Undercover Martyn, Something Good Can Work Two Door Cinema Club
26%
National Express, Our Mutual Friend, A Lady Of A Certain Age The Divine Comedy
21%
Jack In The Box, Come Back And Shake Me, Goodnight Midnight Clodagh Rodgers
10%
Still Got The Blues, Over The Hills And Far Away, Empty Rooms Gary Moore
10%
Glue, Just, Atlas Bicep
8%
Alternative Ulster, Suspect Device, Gotta Gettaway Stiff Little Fingers
8%
Screamager, Diane, Nowhere Therapy?
8%
Song About A Song, Let This Remain, Wax & Wane Alana Henderson
5%
Just In Case, Thought It Was Gonna Be Me, Wild Catherine McGrath
5%
I Heard Wonders, Rodney Yates, Yen On A Carousel David Holmes
5%
Be The Song, She Burns, Guiding Light Foy Vance
5%
I Need You To Hate Me, Bones, Lying That You Love Me JC Stewart
5%
You Don't Dance, Bowie On The Radio, Letting Go For A Little While Ryan McMullan
5%
I Can't Break Down, What You Need Is..., Don't Give It Up Girl Sinéad Quinn
5%
Broken Land, Two Rivers, Drowning In The Sea Of Love The Adventures
5%
Big Thinks Do Remarkable, Set Guitars To Kill, Dying Giants And So I Watch You From Afar
0%
Dolan's 6AM, Matthew's Daughter, In A Rocket Beoga
0%
Shame, Little More Time, Left For America Ciaran Lavery
0%
Miss Misanthrope, Tonight I Feel Like Kafka, Dandelion Jealous Of The Birds
0%
Blood Drive, Whiskey Whiskey, Desert Wine Joshua Burnside
0%
Downtown, Love You Twice, Why Wait Lilla Vargen
0%
I Can't Make You Love Me, B A NoBody, Sea Creatures SOAK
0%
Mary, Sound Of The Underground, Drag My Bad Name Down The 4 Of Us
0%
Nowhere Freeway, Under The Sky, Demon Eyes The Answer
0%
Shells Of Silver, Let Go, Song For Lisa The Japanese Popstars
0%
Something In The Air, Stereo, Orchard The Jepettos
0%
No matching quizzes found
Score Distribution
Percent of People with Each Score
Percentile by Number Answered
Your Score History
You have not taken this quiz